Chemical process analysis: mass and energy balances
Saved in:
| Main Authors: | , |
|---|---|
| Format: | Bog |
| Sprog: | engelsk |
| Udgivet: |
Jersey City
Prentice Hall
1988
|
| Udgivelse: | 1a. ed |
| Fag: | |
| Tags: |
Tilføj Tag
Ingen Tags, Vær først til at tagge denne postø!
|
MARC
| LEADER | 00000cam a2200000 a 4500 | ||
|---|---|---|---|
| 001 | UCE8570 | ||
| 003 | CL-VaPUC | ||
| 008 | 150813e19880000us |||||||||||||||||eng|d | ||
| 020 | |a 0131285882 | ||
| 082 | 0 | 4 | |a 660.2 |b LUY |2 21 |
| 100 | |a Luyben, William L. |e autor |9 581278 | ||
| 700 | 0 | |a Wenzel, Leonard A |e author |9 581279 | |
| 245 | 1 | 0 | |a Chemical process analysis: mass and energy balances |
| 250 | |a 1a. ed | ||
| 300 | |a 537 p | ||
| 942 | |c BK | ||
| 945 | |d 20150813 15:56:00 |a gsalatino | ||
| 260 | |a Jersey City |b Prentice Hall |c 1988 | ||
| 650 | 7 | |a INGENIERIA QUIMICA |2 CL-VaPUC |9 8 | |
| 650 | 0 | |a Procesos químicos |9 259436 | |
| 650 | 0 | |a Control de procesos químicos |9 263098 | |
| 583 | |a last modification |c 20150813 15:56:00 |k Rodrigo Vera | ||
| 999 | |c 360384 |d 360382 | ||
| 952 | |0 0 |1 1 |2 ddc |3 erd |4 0 |6 660_200000000000000_LUY_1988 |7 0 |8 A |9 470153 |a BIBING |b BIBING |i 5193842 |o 660.2 LUY 1988 |p 5193842 |r 2023-03-02 |w 2019-11-23 |y BK |z Catalogado en:20150813 |k EIQ | ||